000 00535nam a2200193Ia 4500
003 GCL
008 140319s9999 xx 000 0 ara d
040 _aGCL /
_cGCL
082 0 4 _a709.02
_bش ن
100 1 _aشوببتابونجا
245 1 0 _aالنشوة السماوية , قصة معابد خاجوراهو /
_cشوببتابونجا
700 1 _aمحمد جميل القصاصى
300 _a336 ص
490 _a
650 0 4 _aالمعابد
650 0 4 _aالنحت
650 0 4 _aالاساطير
942 _2ddc
_cBK
999 _c44871
_d44871